| 000 | 00377nam a22001697a 4500 | ||
|---|---|---|---|
| 005 | 20260402153837.0 | ||
| 008 | 160613b xxu||||| |||| 00| 0 eng d | ||
| 020 | _a978-81-7992-9 | ||
| 041 | _aeng | ||
| 082 | _a158.1 | ||
| 100 | _aSharma, Robin | ||
| 245 | _aThe Monk Who Sold His Ferrari | ||
| 260 | _bJaico Books | ||
| 300 | _a198 | ||
| 650 | _aManagement | ||
| 942 | _cBK | ||
| 999 |
_c2539 _d2538 |
||